| 000 | 00736nam a2200229 i 4500 | ||
|---|---|---|---|
| 001 | 133510 | ||
| 003 | ES-MaACL | ||
| 005 | 20250808064935.0 | ||
| 007 | t| | ||
| 008 | 070817s1947 fr ||||1| fre d | ||
| 080 | _a94(44)"14/16" | ||
| 100 | 1 |
_aBatiffol, Louis. _926424 |
|
| 245 | 1 | 3 |
_aLe siècle de la renaissance / _cpar Louis Batiffol. |
| 260 |
_aParis : _bHachette, _c[1947] |
||
| 300 |
_a419 p. ; _c22 cm. |
||
| 490 | 1 | _aL'histoire de France racontée a tous | |
| 500 | _aBiblioteca Jacinto Martínez Lacalle. | ||
| 651 | 0 |
_aFrancia- _xHistoria- _y1483-1498, Carlos VIII _9226256 |
|
| 830 | 0 |
_aL'histoire de France racontée a tous _9186934 |
|
| 852 |
_aES-MaACL _jE-11964 _bR.139868 |
||
| 999 |
_c133510 _d133510 |
||